000
00215nam a2200097Ia 4500
008
220204s9999 xx 000 0 und d
082
_a
82-3
_b
MCL
100
_a
Mclachlan, I
245
0
_a
Seventh hexagram
942
_c
BK
999
_c
30976
_d
30976